Регионална библиотека "Любен Каравелов" - Русе

Над страната няма противникови самолети (Запис номер 341986)

MARC детайли
000 -Лидер
Контролно поле с фиксирана дължина 00952nam a2200301 c 4500
003 - Код на организацията, давaща контролен номер
Контролно поле BLK
005 - Дата и час на последна редакция
Контролно поле 20190913121148.0
008 - Елементи от данни с фиксирана дължина
fixed length control field 180911b bul|||||r ||||||| ||bul||
010 ## - Наследен системен номер
LC control number 001619
040 ## - Източник на каталожния запис
Идентификатор на билиотеката - собственик на записа BLK
041 ## - Код за език
Код за езика на текст/звукозапис или на отделно заглавие Български
080 ## - УДК
УДК - код + определител 886.7-31
100 1# - Редна дума - Автор
Автор МИНДОВ, Христо
Авторска отговорност първи автор
245 00 - Сведения за заглавието
Заглавие Над страната няма противникови самолети
246 ## - Различни форми на заглавието
Наименование на поредна част от произведението епос-романи
260 ## - Област на издателските данни
Място на издаване, разпространение и проч. София
Име на издателя, разпространителя и проч. Петър Иванов
Година на издаване 1946
300 ## - Физическа характеристика
Страници 308 с
Размери/Мащаб 19 см
380 ## - Жанр
Жанр Литературознание
490 ## - СЕРИИ (Колекции)
Име на серия Частна колекция - Академик Михаил Арнаудов
Бележки за серията Дарение - Основен фонд
653 ## - Ключова дума – ненормативна
9 (RLIN)
Ключова дума епос
653 ## - Ключова дума – ненормативна
9 (RLIN)
Ключова дума романи
650 ## - Допълнително описание по предмет – тема
Основно описание – тема или топоним Проза
650 ## - Допълнително описание по предмет – тема
Основно описание – тема или топоним Романи
655 ## - Ключова дума – жанр/разновидност
Данни за жанр/разновидност или ключова дума за фокус българска литература
700 1# - Други автори (авторска отговорност)
Лично име Христо Миндов
852 ## - Местоположение
Форматна сигнатура МА 1971
942 ## - АРТИКУЛИ
Вид на библиотечния материал Книги
Скрит в OPAC Не
944 ## - СЪЗДАВАНЕ И РЕДАКЦИЯ на ЗАПИСА
Създаване/Редакция Създаване
Дата на регистрацията/редакция 1997
Служител, извършил регистрацията/редакцията ValK
999 ## - СИСТЕМНИ КОНТРОЛНИ НОМЕРА
Koha biblionumber 341986
Koha biblioitemnumber 341986
Наличности
Код за отписване Код за изгубен артикул Източник на класификационната схема Код за повреда Коз за рестрикции Код за отдаване Артикулен № Име на библиотеката - собственик Име на библиотеката, в която се намира в момента Статус (Текущо местоположение) Местоположение - отдел Цена в лева Номерация (Хронология) Инвентарен номер Систематично азбучна сигнатура Баркод Номер на екземпляра Цена в евро Служебен тип на артикула Дата на вписване в системата
  Не е изгубен Universal Decimal Classification Не е повреден без рестрикции Специални фондове ( старопечатни, редки и ценни, фонд М. Арнаудов) 742019 Регионална библиотека "Любен Каравелов" Русе Регионална библиотека "Любен Каравелов" Русе Фонд "Михаил Арнаудов" Фонд "Михаил Арнаудов" 240.00   589350 МА 1971 120000589350 1 122.71 Книги  
  Не е изгубен Universal Decimal Classification Не е повреден само за читалня ползва се в читалня 841876 Регионална библиотека "Любен Каравелов" Русе Регионална библиотека "Любен Каравелов" Русе Хранилище Основен фонд - ползва се само за читалня 0.32   20208 Цб 8.180.20208 900000069030   0.16 Книги 2021-07-08
Vip Innovations Ltd, Rousse, Bulgaria 2025